000 00541nam a2200181Ia 4500
005 20250326130036.0
008 250326s9999 xx 000 0 und d
037 _aTextbook
040 _aFMSL
_beng
_cFMSL
041 _aeng
_2eng
084 _aB28 N3
_qFMSL
100 _aGovt. OF India
245 0 _aMonthly statistics of the production of selected industries of India for june 1971
_cGovt. OF India
260 _aDelhi
_bDelhi, Govt. Of India
_c1973
300 _a287p
942 _cTB
_hB28 N3
999 _c1280661
_d1280661